Central Library OPAC University of Rajshahi

When the earth trembles : (Record no. 10778)

MARC details
000 -LEADER
fixed length control field 00787nam a22002651 4500
001 - CONTROL NUMBER
control field 10778
003 - CONTROL NUMBER IDENTIFIER
rucl marc code BD-RjUL
005 - DATE AND TIME OF LATEST TRANSACTION
control field 20211208235020.0
008 - FIXED-LENGTH DATA ELEMENTS--GENERAL INFORMATION
fixed length control field 140125s1964 nyuab b 001 0 eng d
035 ## - SYSTEM CONTROL NUMBER
System control number (BD-RjUL)10827
040 ## - CATALOGING SOURCE
Original cataloging agency DLC/ICU
Transcribing agency ICU
Modifying agency DLC
-- BD-RjUL
Language of cataloging eng
041 1# - LANGUAGE CODE
Language code of text/sound track or separate title engfre
082 00 - DEWEY DECIMAL CLASSIFICATION NUMBER
Classification number 551.22
Author mark and year TAW 1964
100 1# - MAIN ENTRY--PERSONAL NAME
Personal name Tazieff, Haroun,
Dates associated with a name 1914-
9 (RLIN) 33335
245 10 - TITLE STATEMENT
Title When the earth trembles :
Statement of responsibility, etc. Translated from the French by Patrick O'Brian /
250 ## - EDITION STATEMENT
Edition statement [1st ed.].
260 ## - PUBLICATION, DISTRIBUTION, ETC. (IMPRINT)
Place of publication, distribution, etc. New York,
Name of publisher, distributor, etc. Harcourt, Brace & World
Date of publication, distribution, etc. c1964
300 ## - PHYSICAL DESCRIPTION
Pagination x, 245 p.
Illustrations illus., maps.
Size 20 cm.
504 ## - BIBLIOGRAPHY, ETC. NOTE
Bibliography, etc Bibliography: p. 232-235.
650 #0 - SUBJECT ADDED ENTRY--TOPICAL TERM
Topical term or geographic name as entry element Earthquakes.
9 (RLIN) 33336
942 ## - ADDED ENTRY ELEMENTS (KOHA)
Source of classification or shelving scheme Dewey Decimal Classification
Koha item type Books
Holdings
Lost status Source of classification or shelving scheme Damaged status Not for loan Collection code Permanent Location Current Location Shelving location Date acquired Source of acquisition Total Checkouts Full call number Date last seen Copy number Koha item type
  Dewey Decimal Classification   Not For Loan Non-fiction Central Library, University of Rajshahi Central Library, University of Rajshahi Reading Room 06/07/1966 asian foundation   551.22 TAW 1964 25/01/2014 C-1 Books